| 000 | 01757 a2200241 4500 | ||
|---|---|---|---|
| 001 | 20956 | ||
| 005 | 20260407155502.0 | ||
| 008 | 260407a2008 arg spa d | ||
| 003 | AR-UNSa-BCEJYS | ||
| 040 |
_aAR-UNSa-BCEJYS _bspa _cAR-UNSa-BCEJYS |
||
| 080 |
_a349.22:331.106 _xContrato de trabajo |
||
| 245 | 1 | 0 | _aLas suspensiones de algunos efectos del contrato de trabajo |
| 020 | _a978-950-727-939-3 | ||
| 264 | 1 |
_aBuenos Aires : _bRubinzal-Culzoni Editores _c2008 |
|
| 300 |
_a533 p. _c22 cm. |
||
| 505 | _a1. La suspensión - 2. Clasificación de las suspensiones - 3. Suspensión por proceso penal y por razones preventivas - 4. Suspensión para proteger situaciones especiales de la mujer - 5. Suspensiones por servicio militar o convocatorias militares especiales - 6. Suspensiones voluntarias (acuerdo de las partes) - 7. Suspensiones por razones disciplinarias - 8. Suspensiones por desempeño de cargos electivos del trabajador - 9. Huelga, la huelga en sí misma. Medidas de acción directa. Otras formas de suspensión por medidas vinculadas al ejercicio de derechos sindicales. Causas y efectos. "Lock-out" empresarial - 10. Suspensiones por licencias del trabajador - 11. Extinción del contrato durante el goce de la suspensión - 12. Suspensión durante el preaviso - 13. Suspensiones en algunos estatutos especiales - 14. Propuesta de una correcta aplicación del instituto de la suspensión | ||
| 942 | _cBK | ||
| 590 | _aniveau_biblio:m niveau_hierar:0 | ||
| 100 | 1 | _aAltamira Gigena, Raúl Enrique | |
| 700 | 1 | _aCostamagna, Olivio Rubén | |
| 700 | 1 | _aSaccani, Carlos Honorio | |
| 856 | 4 | 1 |
_uhttps://biblioeco.unsa.edu.ar/pmb/images/libros/Las Suspensiones de Algunos Efectos del Contrato de Trabajo.jpg _yImagen de portada _qimage/jpeg |
| 999 |
_c772 _d772 |
||